Statistics for La Ligue 1 sur Facebook (mis à jour !)

Click here to take the quiz!

General Stats

  • This quiz has been taken 81 times
    (60 since last reset)
  • The average score is 14 of 15

Answer Stats

# Fans Club % Correct
42,84 millionsOlympique lyonnais
100%
70,73 millionsGirondins de Bordeaux
98%
60,75 millionsLOSC Lille
98%
130,75 millionsParis Saint-Germain
98%
24,88 millionsOlympique de Marseille
98%
110,37 millionsFC Nantes
94%
100,39 millionsToulouse FC
94%
80,45 millionsOGC Nice
94%
34,62 millionsAS Monaco
94%
50,89 millionsAS Saint-Etienne
94%
90,44 millionsStade rennais
89%
130,30 millionsMontpellier HSC
89%
120,36 millionsRC Lens
79%
140,23 millionsEA Guingamp
77%
150,25 millionsFC Lorient
68%

Score Distribution

Percentile by Number Answered

Percent of People with Each Score

Your Score History

You have not taken this quiz since the last reset